འཇིག་རྟེན་གྱི་འགྲོ་ལུགས་ཆོས་དང་འདྲེས་པའི་གཏམ། (Record no. 3458)

MARC details
000 -LEADER
fixed length control field 00607nam a2200169 4500
001 - CONTROL NUMBER
control field 4208
005 - DATE AND TIME OF LATEST TRANSACTION
control field 20190813100514.0
008 - FIXED-LENGTH DATA ELEMENTS--GENERAL INFORMATION
fixed length control field 110302s2010 bt 000 0 eng
020 ## - INTERNATIONAL STANDARD BOOK NUMBER
International Standard Book Number 9789993636007
245 00 - TITLE STATEMENT
Title འཇིག་རྟེན་གྱི་འགྲོ་ལུགས་ཆོས་དང་འདྲེས་པའི་གཏམ།
Statement of responsibility, etc. Dorji Gyeltshen.
246 ## - VARYING FORM OF TITLE
Title proper/short title Religious way of life - Bhutanese context.
260 ## - PUBLICATION, DISTRIBUTION, ETC.
Place of publication, distribution, etc. Thimphu :
Name of publisher, distributor, etc. Dorji Gyeltshen,
Date of publication, distribution, etc. 2008.
300 ## - PHYSICAL DESCRIPTION
Extent 711 p. ; 25 cm.
650 ## - SUBJECT ADDED ENTRY--TOPICAL TERM
Topical term or geographic name entry element Religious life --Buddhism --Bhutan.
700 ## - ADDED ENTRY--PERSONAL NAME
Personal name Dorji Gyeltshen.
942 ## - ADDED ENTRY ELEMENTS (KOHA)
Source of classification or shelving scheme Dewey Decimal Classification
Koha item type Dzongkha
Holdings
Withdrawn status Lost status Source of classification or shelving scheme Damaged status Not for loan Collection code Home library Current library Shelving location Date acquired Serial Enumeration / chronology Inventory number Total Checkouts Full call number Barcode Date last seen Date last checked out Copy number Price effective from Koha item type Total Renewals
    Dewey Decimal Classification     Dzongkha RTC Library RTC Library Dzongkha 12/01/2022 7046 3 242.6 GYE 30009945 12/01/2022 12/11/2020 1 27/11/2018 Dzongkha  
  Lost and Paid For Dewey Decimal Classification     Dzongkha RTC Library RTC Library Dzongkha 08/03/2021 6600 7 242.6 GYE 30009965 10/11/2020 10/11/2020 2 27/11/2018 Dzongkha 2
Royal Thimphu College || All Right Reserved